000
00320nam a2200133Ia 4500
008
150201s2005 xx 000 0 und d
082
_a
615
_b
C05L
100
_a
LULLMANN,KEINZ
245
_a
COLOUR ATLA OF PHARMACOLOGY
250
_a
3RD
260
_b
THIEME
_a
NEW YORK
_c
2005
650
_a
PHARMACOLOGY
942
_2
ddc
_c
BK
_0
1
999
_c
960
_d
960